000 01272nam0a22002771 4500
001 rc\4480564
005 20130416170522.6
021 _aRU
_b[65-48658]
035 _a(NLR Aleph) 008602032
090 _a8710176
_c8710176
100 _a20130416d1965 |||y0rusy50 ca
101 0 _arus
102 _aRU
105 _aa z |||||
200 1 _aИспользование логарифмической линейки со специальным движком при выполнении слесарно-механических работ
_fЛенингр. обл. организация о-ва "Знание" РСФСР. Ленингр. дом науч.-техн. пропаганды
210 _aЛенинград
_cБ. и.
_d1965
215 _a17 с., 1 л. ил.
_d21
225 1 _aПроизводственный опыт
_iСерия "Методы и средства контроля, качества и надежности машин и приборов"
606 _aСчетные линейки
_2psbo
606 _aСлесарные работы
_2psbo
700 1 _aКузьмин
_bВ. А.
_gВиктор Александрович
801 0 _aRU
_bNLR
_gpsbo
801 1 _aRU
_bELAR
_2rusmarc
852 _aNLR
_j65-6/7712
942 _cBOOK
980 _aNB